000
00312nam a2200109Ia 4500
008
171211s9999 xx 000 0 und d
245
_a
Barrett's Esophagus
245
_c
Icon Health Publications
260
_c
2004
650
_x
Encyclopedia and Dictionary
856
_u
http://down.ebook777.com/041/059784349X.pdf
999
_c
350229
_d
350229